00583nam a22002177a 450000500170000000800410001702000150005804000070007304100120008008200200009210000180011224500470013026000270017730000300020436500280023465000190026265000250028165000110030665000280031770000200034520220725092928.0220725b ||||| |||| 00| 0 eng d a8171093965 cAL aEnglish 223a242.2bKELM aMatthew Kelly aMustard Seeds: Daily Thoughts to Grow With aMumbaibSt Paulsc1999 a151 p.bPBc16.3x10.2 cm. b₹35.00c₹d₹35.00 aChristian life aDevotional calendars aMaxims aAphorisms and apothegms aKELLY (Matthew)